| 000 | 00519namaa22001571 4500 | ||
|---|---|---|---|
| 001 | 174896 | ||
| 003 | ES-MaACL | ||
| 005 | 20250907063131.0 | ||
| 008 | 100621s1916 sp |||| | spa d | ||
| 100 | 1 |
_aNavas, Juan Gualberto López Valdemoro de Quesada, _cConde de las, _d1855-1935 _985203 |
|
| 245 | 1 | 3 |
_aLa Parroquia / _cpor el Conde de las Navas. |
| 260 |
_aMadrid : _b[s.n.], _c1916 ( _fGran Imp. Católica) |
||
| 300 |
_a406 p., 1 h. ; _c18 cm. |
||
| 852 |
_aES-MaACL _jF-6918 |
||
| 999 |
_c174896 _d174896 |
||